000 00283nam a22001337a 4500
008 171102b xxu||||| |||| 00| 0 eng d
020 _a9780716769347
041 _aeng
080 _a339.9
100 _a59
101 _aGLO
245 _aECONOMICS
_cANDERSON,D.A
942 _2udc
_cBK
999 _c37155
_d37155